000
00219 a2200097 4500
001
45467
100
_a
Aart D
245
_a
Changing English
260
_a
London
_b
Heinemann educational books
_c
090
_c
28630
_d
28630
942
_a
NUST-CAE
_c
M
_c
20703
999
_c
280540
_d
280540